LEADER 01388nam0 22003011i 450 001 UON00037977 005 20231205102132.946 100 $a20020107d1967 |0itac50 ba 101 $afre 102 $aFR 105 $a|||| 1|||| 200 1 $aHistoire et institutions de la Chine ancienne$edes origines au XIIe siècle après J.C. / par Henri Maspero et Etienne Balazs ; texte révisé par Paul Demiéville 210 $aParis$cPresses Universitaires de France$d1967 215 $aVIII, 322 p.$d24 cm 410 1$1001UON00088434$12001 $aAnnales du Musée Guimet. Bibliothèque d'Etudes$v73 606 $aCINA$xCULTURA E CIVILTA'$xORIGINI-SEC. XII D.C.$3UONC012740$2FI 620 $aFR$dParis$3UONL002984 686 $aCIN IV A$cCINA - STORIA ANTICA FINO GUERRA dell'OPPIO (1839) ESCLUSO$2A 700 1$aMASPERO$bHenri$3UONV010195$0203979 701 1$aBALAZS$bEtienne$3UONV009777$0466387 702 1$aDEMIEVILLE$bPaul$3UONV001612 712 $aPresses Universitaires de France$3UONV245970$4650 801 $aIT$bSOL$c20251017$gRICA 899 $aSIBA - SISTEMA BIBLIOTECARIO DI ATENEO$2UONSI 912 $aUON00037977 950 $aSIBA - SISTEMA BIBLIOTECARIO DI ATENEO$dSI CIN IV A 248 $eSI YS 299 5 248 996 $aHistoire et institutions de la Chine ancienne$91154540 997 $aUNIOR LEADER 04518nam 2200685Ia 450 001 9910969320903321 005 20251117011840.0 010 $a1-282-94870-9 010 $a9786612948701 010 $a90-04-19363-4 024 7 $a10.1163/ej.9789004158078.i-269 035 $a(CKB)2670000000047937 035 $a(EBL)593764 035 $a(OCoLC)692724526 035 $a(SSID)ssj0000418088 035 $a(PQKBManifestationID)11288005 035 $a(PQKBTitleCode)TC0000418088 035 $a(PQKBWorkID)10380253 035 $a(PQKB)10818895 035 $a(MiAaPQ)EBC593764 035 $a(nllekb)BRILL9789004193635 035 $a(Au-PeEL)EBL593764 035 $a(CaPaEBR)ebr10424621 035 $a(CaONFJC)MIL294870 035 $a(PPN)174545525 035 $a(EXLCZ)992670000000047937 100 $a20091201d2010 uy 0 101 0 $aeng 135 $aur|n|---||||| 181 $ctxt$2rdacontent 182 $cc$2rdamedia 183 $acr$2rdacarrier 200 00$aFreedom of religion /$fedited by A. van de Beek, E.A.J.G. Van der Borght, and B.P. Vermeulen 205 $aFirst edition. 210 $aLeiden ;$aBoston $cBrill$d2010 215 $a1 online resource (276 pages) 225 1 $aStudies in reformed theology,$x1571-4799 ;$vv. 19 300 $aDescription based upon print version of record. 311 08$a90-04-15807-3 320 $aIncludes bibliographical references and index. 327 $tPreliminary Material /$rA. Van De Beek , E. Van Der Borght and B. Vermeulen --$tIntroduction /$rA. Van de Beek , E.A.J.G. Van der Borght and B.P. Vermeulen --$tThe Freedom Of Religion In Article 9 Of The European Convention On Human Rights: Historical Roots And Today?s Dilemma?s /$rB.P. Vermeulen --$tAutonomous Communities As A Solution For Ethnic And Religious Freedom In Hungary And Transylvania--Historical And Systematic Reflections /$rTamás Juhász --$tSome Reflections On Religion And Multiculturalism In Romania: Towards A Reappraisal Of The Grammar Of Traditions /$rSilviu E. Rogobete --$tReligious Freedom And State Neutrality. The South African Experiment In Religious Rights /$rNico Vorster --$t?Freedom Of Religion? In Indonesia: Some Thoughts From An International Perspective /$rHuub Lems --$tMarriage And Religious Freedom /$rHildegard Warnink --$tFreedom Of Religion And Civil Law /$rTymen J. Van Der Ploeg --$tContractual Religious Freedom /$rRik Torfs --$tCurrent Options For The Constitutional Implementation Of Religious Freedom /$rJ.M. Vorster --$tBeing Church And Freedom Of Religion?The Function And Ambit Of Religious Freedom /$rPieter Coertzen --$tState, Church And Civil Society. An Analysis Of Two Recent Ecclesial Documents /$rEduardus Van Der Borght --$tTo Be Free, Religion Should Keep Herself Free /$rAbraham Van de Beek --$tReligion And Violence /$rPaul Cliteur --$tChallenges And Dilemmas /$rA. Van de Beek , E.A.J.G. Van der Borght and B.P. Vermeulen --$tList Of Contributors /$rA. Van De Beek , E. Van Der Borght and B. Vermeulen --$tIndex /$rA. Van De Beek , E. Van Der Borght and B. Vermeulen. 330 $aThe idea of freedom of religion was developed in Europe in the 16th and 17th century in the context of religious diversity as an alternative for religious wars. The concept requires reconsideration in the current globalized culture: religious plurality has increased as has the awareness of the religious potential for social cohesion and for sectarian division and violence. In this volume, legal experts, sociologists, theologians, and philosophers clarify the historical development of the concept, and analyze the present situation in various countries with religious tensions. They propose possible models and solutions, and discuss the fundamental question of whether the Western model of human rights with its separation of religion and state and freedom of religion can be conceived as universal. 410 0$aStudies in Reformed theology ;$v19. 606 $aFreedom of religion 606 $aReligious pluralism 606 $aHuman rights 615 0$aFreedom of religion. 615 0$aReligious pluralism. 615 0$aHuman rights. 676 $a323.44/209 701 $aBeek$b A. van de$01803129 701 $aVan der Borght$b Ed. A. J. G.$f1956-$01860864 701 $aVermeulen$b B. P$01860865 801 0$bMiAaPQ 801 1$bMiAaPQ 801 2$bMiAaPQ 906 $aBOOK 912 $a9910969320903321 996 $aFreedom of religion$94466779 997 $aUNINA